แสดงรายละเอียดบรรณานุกรม
  กลับหน้าหลัก

Brief Record : Get Marc (ISO 2709) : E-mail record : QR code ปิดหน้าต่าง
LEADER 00000nama 2200000uu 4500
008    040531s|||| th m m a000 0 tha d
041    tha
050    วจ WA590 ช166ก 2551
100    ชมนาด วรรณพรศิริ และคณะ.
245    การพัฒนารูปแบบการสร้างเครือข่ายเพื่อการส่งเสริมการสร้างสุขภาพอนามัยแบบองค์รวมในเด็กด้อยโอกาส จังหวัดพิษณุโลก/ชมนาด วรรณพรศิริ และคณะ.
260    2551. พิษณุโลก. วิทยาลัยพยาบาลบรมราชชนนี พิษณุโลก.
300    ก-ซ,136 หน้า.
500    งานวิจัยนี้ได้รับทุนสนับสนุนจากสำนักงานหลักประกันสุขภาพแห่งชาติ.
600    1.ชมนาด วรรณพรศิริ.
650    1.การส่งเสริมสุขภาพ--ไทย--พิษณุโลก 2.เด็กด้อยโอกาส--การส่งเสริมุขภาพ--ไทย--พิษณุโลก.
995    004
รายการนี้ยังไม่มีแท็ก
คุณยังไม่ได้ล็อกอิน คุณสามารถมีกิจกรรมร่วมกับเว็บไซต์ได้ แต่ต้องล็อกอินก่อน ::
  ล็อกอิน
ลำดับที่ ประเภท เลขเรียก สถานที่ สถานะ
1. หนังสือทั่วไป
หนังสือทั่วไป
วจ WA590 ช166ก 2551  
  
หนังสือทั่วไป On Shelf
  ขอยืม
   [แสดง 1/1 รายการ]

รายการใกล้เคียง
    ผู้แต่ง [ชมนาด วรรณพรศิริ และคณะ.]

BibComment


ยังไม่เคยถูกคอมเมนท์

คอมเมนท์ทรัพยากรรายการนี้
  คอมเมนท์: การพัฒนารูปแบบการ..
Bib 194487

 
 
 

 Union Library Management : ULibM
Copyright 2026. All Rights Reserved.
скачать бесплатно без регистрации порно красивый секс HD Sex Hindi sex

xxx gou

xxxx

bfxxx

xxxwww

Секса Видео

xxxx

Секса Видео

detube

geilexxx

C99 Shell

worms shell

blod xxx video
Ebony Coed Rihanna Rimes Takes A Dick In Her Young Twat priyaa indian fuck anal and pusssy hardcore indian women xxx desi hardcore fucking part 1 bengalixxxcouple